|
|
|
|
| LEADER |
00811nab a2200229 i 4500 |
| 001 |
misc64267 |
| 005 |
20241016132117.0 |
| 008 |
230502s1933 hu o 000 rus d |
| 040 |
|
|
|a SZTE Miscellanea Repozitórium
|b hun
|
| 041 |
|
|
|a rus
|
| 100 |
1 |
|
|a Poppe Nikolaj Nikolaevič
|
| 245 |
1 |
0 |
|a Puti povyšeniâ rečevoj kultury zapadnyh burât
|h [elektronikus dokumentum] /
|c Poppe Nikolaj Nikolaevič
|
| 260 |
|
|
|a Izdat. AN SSSR
|b Leningrad
|c 1933
|
| 300 |
|
|
|a 107-128
|c 24 cm
|
| 300 |
|
|
|a [22] p.
|c 24 cm
|
| 490 |
0 |
|
|a Zapiski Instituta vostokovedenija Akademii nauk
|
| 561 |
|
|
|a Németh Gyula hagyaték
|
| 591 |
|
|
|a NOA 4627
|
| 650 |
|
4 |
|a Bölcsészettudományok
|
| 650 |
|
4 |
|a Nyelvek és irodalom
|
| 695 |
|
|
|a Burját nyelv
|
| 856 |
4 |
0 |
|u http://misc.bibl.u-szeged.hu/64267/1/4627_noa_001.pdf
|z Dokumentum-elérés
|